Olivia Rodrigo song lyrics - No hints ! @2 - Statistics

General Stats
  • This quiz has been taken 100 times
    66 since last reset
  • The average score is 155 of 269
Answer Stats
Answer % Correct
I
96%
you
89%
You
89%
a
86%
the
86%
an
82%
me
82%
your
82%
And
79%
be
79%
you're
79%
You're
79%
in
71%
my
71%
But
68%
on
68%
who
68%
am
64%
So
64%
so
64%
then
64%
always
61%
been
61%
been!
61%
girl
61%
I'm
61%
I've
61%
as
57%
go?
57%
if
57%
know
57%
can't
54%
could
54%
Don't
54%
don't
54%
How
54%
that
54%
all
50%
get
50%
got
50%
I'd
50%
I'll
50%
not
50%
say
50%
Say
50%
up
50%
have
46%
head
46%
men
46%
out
46%
Yeah
46%
bed
43%
call
43%
everything
43%
inside
43%
perfect
43%
Well
43%
anymore
39%
changed"
39%
door
39%
friends
39%
knew
39%
name
39%
never
39%
Now
39%
panic
39%
right
39%
rooms
39%
That's
39%
thing
39%
told
39%
walking
39%
with
39%
woke
39%
acting
36%
again!
36%
again
36%
ask
36%
"Baby
36%
beyond
36%
cold
36%
different
36%
Doll
36%
down
36%
eight
36%
Five
36%
from
36%
nothing
36%
over
36%
parade
36%
seven
36%
six
36%
ten
36%
years
36%
you'd
36%
Are
32%
become?
32%
beginning!
32%
captors
32%
couch
32%
crooked
32%
Cursing
32%
empty
32%
fighting
32%
game
32%
gettin'
32%
rained
32%
scare
32%
tears
32%
trash
32%
wind
32%
candle
29%
case
29%
cruel
29%
dreamed
29%
gonna
29%
tongue
29%
turn
29%
venom
29%
wrapped
29%
consistent
25%
ready?
25%
No matching quizzes found
Score Distribution
Percent of People with Each Score
Percentile by Number Answered
Your Score History
You have not taken this quiz since the last reset